プロ野球スピリッツA(プロスピA) 球場名 - Statistics

General Stats
  • This quiz has been taken 108 times
  • The average score is 11 of 18
Answer Stats
Hint 球場名 % Correct
本拠地球場 東京ドーム
90%
本拠地球場 阪神甲子園球場
85%
本拠地球場 エスコンフィールドHOKKAIDO
81%
本拠地球場 明治神宮野球場
75%
本拠地球場 バンテリンドーム ナゴヤ
75%
本拠地球場 横浜スタジアム
70%
本拠地球場 京セラドーム大阪
69%
本拠地球場 みずほPayPayドーム福岡
69%
本拠地球場 MAZDA Zoom-Zoom スタジアム広島
67%
本拠地球場 ZOZOマリンスタジアム
65%
本拠地球場 ベルーナドーム
57%
本拠地球場 楽天モバイルパーク宮城
56%
地方球場 マスカットスタジアム
56%
架空球場 ドーム球場
48%
地方球場 坊っちゃんスタジアム
48%
架空球場 クラウンスタジアム
40%
架空球場 野外球場
28%
地方球場 福島県営あづま球場
21%
No matching quizzes found
Score Distribution
Percent of People with Each Score
Percentile by Number Answered
Your Score History
You have not taken this quiz